000 00335nam a2200133Ia 4500
008 191201s2002 xx 000 0 und d
082 _a677.02
_bBHE
100 _aBHATNAGAR, Parul
245 0 _aElementary Textiles
260 _aN.Delhi
_bAbhishek Publisher Chandigarh
_c2002
300 _a108
650 _aB.Tech(TE)
942 _2ddc
_cBK
999 _c2223
_d2223